000 00474nam a2200169Ia 4500
003 LK-CoDNM
008 010623t1923 xxu||||| |||| 00| 1 sin d
040 _aLK-CoDNM
_dLK-CoDNM
_eLK-CoDNM
041 _asin
080 _a104 B 4
245 _aගෝඨයිම්බර යෝදයාගේ කථාව
246 _aGotaimbara Yodayaage Kathaawa
260 _bSudarmarama
_aMaradana
_c1923
300 _b16p, 21 cm
650 _aStories About Ten Giants
942 _cBK
999 _c91749
_d91749